KAYACHIKITSA (Record no. 8684)

MARC details
000 -LEADER
fixed length control field 00280nam a22001337a 4500
003 - CONTROL NUMBER IDENTIFIER
control field SGT
082 ## - DEWEY DECIMAL CLASSIFICATION NUMBER
Classification number 615.53
Item number S15K
100 ## - MAIN ENTRY--PERSONAL NAME
Personal name SHUKLA, VIDYADHAR.
245 ## - TITLE STATEMENT
Title KAYACHIKITSA
260 ## - PUBLICATION, DISTRIBUTION, ETC. (IMPRINT)
Place of publication, distribution, etc VARANASI
Name of publisher, distributor, etc CHAUKHAMBHA PUB
Year of Publication 2014
300 ## - PAGE DESCRIPTION
No. of Pages 336
650 ## - SUBJECT ADDED ENTRY--TOPICAL TERM
Topical term or geographic name as entry element AYURVEDA
942 ## - ADDED ENTRY ELEMENTS (KOHA)
Source of classification or shelving scheme Dewey Decimal Classification
Koha item type Books
Holdings
Withdrawn status Lost status Source of classification or shelving scheme Damaged status Not for loan Collection code Home library Current library Shelving location Date acquired Vendor Name Cost, normal purchase price Volume Information (Serial or Books or Non-Book Material) SGTU Bill Number Total Checkouts Full call number Accession No. (Barcode) Date last seen Bill Date Koha item type Date last borrowed Use restrictions
    Dewey Decimal Classification     AYURVEDA SGT FA-FP Library SGT FA-FP Library Text Book 31/03/2016 CHAUKHAMBHA 190.00 3 SGTU 1079   615.53 S15K FA4761 31/03/2016 10/02/2016 Books    
    Dewey Decimal Classification     AYURVEDA SGT FA-FP Library SGT FA-FP Library Text Book 31/03/2016 CHAUKHAMBHA 190.00 3 SGTU 1079 2 615.53 S15K FA4762 28/09/2019 10/02/2016 Books 25/09/2019  
    Dewey Decimal Classification     AYURVEDA SGT FA-FP Library SGT FA-FP Library Text Book 31/03/2016 CHAUKHAMBHA 190.00 3 SGTU 1079   615.53 S15K FA4763 31/03/2016 10/02/2016 Books    
    Dewey Decimal Classification     AYURVEDA SGT FA-FP Library SGT FA-FP Library Text Book 31/03/2016 CHAUKHAMBHA 190.00 3 SGTU 1079   615.53 S15K FA4764 31/03/2016 10/02/2016 Books    
    Dewey Decimal Classification     AYURVEDA SGT FA-FP Library SGT FA-FP Library Reference Book 31/03/2016 CHAUKHAMBHA 190.00 3 SGTU 1079   615.53 S15K FA4765 31/03/2016 10/02/2016 Books   Restricted Access